000 00392nam a2200157Ia 4500
005 20250124002312.0
008 240331s9999 xx 000 0 und d
020 _a072141990
082 _bDAL
_a920
100 _aDaly, A
245 0 _aDiana princes of Wales
260 _aUK
_bLadybird Postal Sales
_c1997
300 _a24 p .,
500 _aA Tribute to Diana Princess of Wales
942 _cL
999 _c3433
_d3433